| 000 | 01105nam a2200277Ia 4500 | ||
|---|---|---|---|
| 003 | OSt | ||
| 005 | 20221005104735.0 | ||
| 006 | a|||||r|||| 00| 0 | ||
| 007 | ta | ||
| 008 | 221004b |||||||| |||| 00| 0 hin d | ||
| 020 |
_a9789380172057 (pbk) _cIndian Rupees 130 |
||
| 024 | _a38907 | ||
| 037 |
_bGift, 29/08/2018, _cTextual |
||
| 040 |
_aCRL _cCRL _bhin |
||
| 041 |
_2hin _ahin |
||
| 082 | _aV2:51'N7, N0 | ||
| 100 | _aचन्द्र, बिपिन, ले. | ||
| 245 | 0 | _aभारत का स्वतंत्रता संघर्ष | |
| 246 | _aBhārat kā svatantratā sangharṣha | ||
| 260 |
_aदिल्ली _bविश्वविद्यालय हिन्दी माध्यम कार्यान्वय निदेशालय भारत _c1990 |
||
| 300 |
_a546पृ0 _ccm. |
||
| 650 | _a स्वतंत्रता सेनानी | ||
| 650 |
_aभारत-इतिहास _9156353 |
||
| 942 |
_hV2:51'N7, N0 _cTEXL _2cc |
||
| 999 |
_c1013641 _d1013641 |
||